01221naa#a2200217#i#4500001001600000005001700016011001400033100004100047102000700088200019600095210020500291215001000496608004500506675014600551700005200697700005200749700005400801700006400855700005400919856003000973RU\\bibl\12338820260706005204.1##a1994-4683##a20230731b2023####ek#y0rusy0150####ca##aRU1#aФИЗИЧЕСКАЯ ПОДГОТОВКА К БОЕВОЙ РАБОТЕ ОПЕРАТОРОВ БЕСПИЛОТНЫХ ЛЕТАТЕЛЬНЫХ АППАРАТОВeЖурнальная статья1#aМоскваcНациональный государственный Университет физической культуры, спорта и здоровья им. П.Ф. Лесгафтаd2023##a2 с.##aЖурнальная статья2local##aФилософские и научно-теоретические основы физической культуры и спорта. 796.011#1aКаликgВиталий Валерьевич#1aКалитовgАндрей Борисович#1aЕфимовgВиталий Викторович#1aЦирульниковgНиколай Николаевич#1aПонимасовgОлег Евгеньевич4#auchzapiski.lesgaft.spb.ru